China Post

Bibliographic Details
Format: Journal
Language:English
Published: Taipei, Taiwan : The China Post, 2011-
Edition:Local ed.
Subjects:
Online Access:http://www.vlex.com/source/7172

MARC

LEADER 00000nas a22000007a 4500
005 20130315122410.0
007 cr|||| ||||
008 130315c20119999ch n|p s|||| 0|||a1eng d
022 |a 16074343  
035 |a 7172 
040 |a vLex 
090 |c 3932  |d 3932 
245 0 0 |a China Post  |h [Recurso electrn̤ico]  
250 |a Local ed. 
256 |a Servicio en ln̕ea 
260 |a Taipei, Taiwan :  |b The China Post,  |c 2011- 
300 |a 1 Recurso electrn̤ica 
506 |d vLex Global  |d vLex Global (Academic Edition, excluding Law Schools)  |d vLex Global (U.S. Academic Edition, Law Schools)  |d vLex Global (U.S. Academic Edition, excluding Law Schools)  |d vLex Global (Academic Edition, Law Schools) 
650 0 4 |a China  |v Revistas 
740 |a vLex Revistas (Servicio en ln̕ea) 
856 |a Acceso restringido  |u http://www.vlex.com/source/7172 
942 |c REV 
999 0 |a China